000 02932nam a22002537a 4500
001 5456
003 FISKH
005 20241209152600.0
008 241209b cb ||||| |||| 00| 0 eng d
020 _a9781407153919
040 _aFISKH
_beng
_cFISKH
_dFISKH
082 _a612.661
100 _aJessen, Christian
245 _aDr Christian's guide to dealing with the tricky stuff /
_cby Christian Jessen
260 _aNew York :
_bScholastic ;
_c2015 .
300 _a95 pages :
_billustrations ;
_c25 cm .
505 _aZ
520 _a A child's guide to everyday problems by TV's favourite doctor. Finally, TV's favourite doctor, Dr Christian, comes to the rescue of parents, boys and girls to answer all their questions about adolescence, sexuality and puberty. In his assured, no-nonsense fashion Dr Christian allays the fears and uncertainties of growing youngsters (and helps parents find answers) about personal and emotional health, body image and building self-confidence. A perfect companion book to Dr Christian's Guide to Growing Up. Leave it on the kitchen table or sit down and go through it together - this full-colour, fully-illustrated bookwill help every family household with children under the age of 15. subjects covered include: Staying healthy- healthy diet - teeth - having healthy bones and hair - looking after your eyesight (issues over screen-time) - plus needing eye-tests, wearing glasses vs contact lenses - hearing problems - effects of loud music/tinnitus - looking after your skin - sun sense, plus spots/acne, alcohol and smoking issues (covering other drugs as an insert box) Common health problemssuch as tonsilitis, tummy ache, period pains, ear ache, hayfever/allergies, asthma, veruccas/warts/blisters -bunions/high heels issues, sprains, headaches/migraines. First-aid tips- burns, cuts/scrapes, fainting, broken bones etc. Staying active- all-round fitness tips, need for regular exercise - ideas for non-sporting activities that still keep you fit - including playground games - things you can do with your friends to stay active Real-life skills - Money management - planning for your future - making new friends Online safety- tips for how to behave online Bullying -online & in the real world - who to turn to, what to do Learning how to be your own person- how to say 'no' and mean it - keeping your self-respect Stress-busters- including exam techniques - tips for coping, including ideas from well-known academics - revision tips/skills, improving concentration, dealing with stress - general stress issues for children and how to deal with them ยท Emotional health- self-esteem issues & confidence-boosting tips. Each section is interspersed with an advice-column with questions real children have asked Dr Christian.
521 8 _a1050
_bLexile
521 8 _aZ
_bRaz-plus
700 _aSemple, David
_eillustrator
942 _2ddc
_cBK
_n0
999 _c5456
_d5456